[Event "Eastern op 45th"]
[Site "Tysons"]
[Date "2018.12.30"]
[Round "7"]
[White "Samuelson, Andrew"]
[Black "Narkeeran, Madhavan"]
[Result "1-0"]
[WhiteElo "2175"]
[BlackElo "2002"]
[PlyCount "91"]
[EventDate "2018.12.27"]
[EventType "swiss"]
[EventRounds "7"]
[EventCountry "USA"]
[SourceTitle "CBM 188 Extra"]
[Source "ChessBase"]
[SourceDate "2019.02.26"]
[SourceVersion "1"]
[SourceVersionDate "2019.02.26"]
[SourceQuality "1"]

1. e4 e6 2. d4 d5 3. Nc3 Nf6 4. Bg5 dxe4 5. Nxe4 Be7 6. Bxf6 Bxf6 7. Nf3 0-0 8. Qd2 b6 9. 0-0-0 Bb7 10. Bd3 Nd7 11. Qe2 Be7 12. h4 Rc8 13. Neg5 g6 14. Qe3 Bxf3 15. Nxf3 Bf6 16. h5 Bg7 17. hxg6 hxg6 18. Ng5 Nf6 19. Nxe6 fxe6 20. Qxe6+ Rf7 21. Bxg6 Qd7 22. Bxf7+ Kf8 23. Qxd7 Nxd7 24. Be6 Rd8 25. Bxd7 Rxd7 26. c3 Rf7 27. f3 Bf6 28. Kc2 Kg7 29. Rde1 Kg6 30. Re4 Kf5 31. Kd3 Bg5 32. Rh8 Bf4 33. g4+ Kg6 34. Rg8+ Kh7 35. Rge8 Bd6 36. Ke3 Kg7 37. f4 Rf6 38. g5 Rf5 39. R4e5 Rf7 40. Ke4 Rd7 41. f5 Kf7 42. R5e6 a5 43. d5 Kg7 44. f6+ Kg6 45. Rg8+ Kh7 46. Ree8 1-0